000 01004nam a22002057a 4500
999 _c57110
_d57110
003 Ge_BSU
005 20191119161824.0
008 191119s2018 ||||| |||| 00| 0 geo d
041 _ageo
080 _a581.7 ს-97
100 _aსუხიტაშვილი, კახაბერ.
_95457
245 _aკახეთის რეგიონის მცენარეები :
_b400 სახეობის მცენარე და 402 ფოტო /
_cკახაბერ სუხიტაშვილი ; რედ. მ. ახალკაცი
264 _aთბილისი :
_bCENN,
_c2018.
300 _a430 გვ.:
_bილ.;
_c19 სმ.
440 _aსაველე მეგზური
_95464
500 _aქართ. ტერმ. საძ. გვ. 410-417., ლათინ. ტერმ. საძ. 418-430
653 _aბოტანიკა
700 _aახალკაცი, მ
_eრედაქტორი
_95465
942 _2udc
_cBK